| 000 | 01019nam a22002775i 4500 | ||
|---|---|---|---|
| 001 | 12189 | ||
| 003 | ES-MaACL | ||
| 005 | 20250731234407.0 | ||
| 008 | 920727s1992 sp ||||0| spa | ||
| 020 | _a84-00-07242-1 | ||
| 080 | _a929 Gallarati Scotti, Tommaso | ||
| 080 | _a323(460)"1939/55" | ||
| 100 | 1 |
_aLlera Esteban, Luis de. _972767 |
|
| 245 | 1 | 3 |
_aLa España de posguerra _b: un testimonio / _cLuis de Llera y José Andrés-Gallego. |
| 260 |
_aMadrid : _bConsejo Superior de Investigaciones Científicas, _c1992. |
||
| 300 |
_a183 p ; _c21 cm. |
||
| 490 | 1 |
_aMonografías ; _v1 |
|
| 504 | _aBibliografía: p. 181-183. | ||
| 600 | 1 | 4 |
_aGallarati Scotti, Tommaso. _953474 |
| 651 | 4 |
_aEspaña- _xHistoria- _y1939-1955. _98329 |
|
| 700 | 1 |
_aAndrés-Gallego, José, _d1944- _921605 |
|
| 710 | 2 |
_aConsejo Superior de Investigaciones Científicas (España) _93236 |
|
| 830 | 1 | 0 |
_aMonografías (Centro de Estudios Benaventanos "Ledo del Pozo") _v1 _9177262 |
| 852 |
_aES-MaACL _jL-19400 |
||
| 999 |
_c12189 _d12189 |
||